000 00855nas a2200289 4500
001 BR2011002914
003 BR-BrBNA
005 20231205115318.0
007 ta
008 230509b bl.|||p| |||| 00| 00por d
040 _aBR-BrBNA
_bpor
_cBiblioteca Nacional de Agricultura
041 _a(Pt)
072 _aP33
100 1 _aKrob, A.D.
100 1 _aMoraes, S.P.
100 1 _aSelbach, P.A.
100 1 _aBento, F.M.
100 1 _aCamargo, F.a. de O.
245 1 _aPropriedades químicas de um argissolo tratado sucessivamente com composto de lixo urbano
650 _aCOMPOSTAGEM
650 _aPROPRIEDADE FÍSICO-QUÍMICA
650 _aSOLO
650 _aLIXO
773 0 _tCiência Rural (Brazil)
_xISSN 0103-8478
_g(Mar 2011), v. 41(3) p. 433-439
_wBR2011002914
909 _a202311
_bLúcia
_c55
_dLúcia Elande
942 _2AGRIS
_n0
_cANA
999 _c213155
_d213155